Sports Quiz

Random Sports or Tennis Quiz

Match the Player to Their Sport Quiz Stats

 Plays Quiz Updated Sep 5, 2017

Score 0/25 Timer 03:00
4 Plays Today
% Correct
Boxing
96.9%
Golf
96.8%
Swimming
96.4%
Track
96.1%
Basketball
95%
Soccer
93.6%
Tennis
90%
American Football
89.8%
Ice Hockey
84.7%
Baseball
78.8%
MMA
64.6%
Table Tennis
61.8%
Gymnastics
61%
% Correct
Cycling
50.1%
Snooker
45.4%
MotoGP
44.2%
Cricket
43.2%
Badminton
39.2%
Horse Racing
39.1%
Skiing
35.3%
Rugby
34.5%
Wrestling
30.3%
Volleyball
26.6%
Field Hockey
16.7%
Handball
14.5%

You're not logged in!

Compare scores with friends on all Sporcle quizzes.
OR
Log In

Show Comments

Extras

Top Quizzes Today


Score Distribution

Your Account Isn't Verified!

In order to create a playlist on Sporcle, you need to verify the email address you used during registration. Go to your Sporcle Settings to finish the process.

Report this User

Report this user for behavior that violates our Community Guidelines.

Details: